Personnage sur l'affiche du film - Clic Quiz - Statistiques

Statistiques générales
  • Ce quiz a été pris 1 000 fois
  • Le résultat moyen est 10 sur 16
Statistiques - réponses
Hint Réponse % Correct

Personnage

Indiana Jones

94%

Personnage

Marty McFly

92%

Personnage

Katniss Everdeen

88%

Personnage

Maximus Decimus

84%

Personnage

Vito Corleone

79%

Personnage

Tony Montana

75%

Personnage

Mia Wallace

61%

Personnage

Jack Torrance

56%

Personnage

Beatrix Kiddo

54%

Personnage

Nina Sayers

54%

Personnage

Ellen Ripley

53%

Personnage

Clarice Starling

53%

Personnage

William Wallace

52%

Personnage

Alex DeLarge

52%

Personnage

Arthur Fleck

47%

Personnage

Chuck Noland

44%
Aucun quiz correspondant
Distribution des résultats
% des personnes avec chaque résultat
Percentile par nombre de réponses
Votre historique - résultats
Vous n’avez pas pris ce quiz